|
|
|
|
| LEADER |
00649nab a2200169 i 4500 |
| 001 |
misc73528 |
| 005 |
20241018111943.0 |
| 008 |
241018s1962 hu o 000 eng d |
| 040 |
|
|
|a SZTE Miscellanea Repozitórium
|b hun
|
| 041 |
|
|
|a eng
|
| 100 |
1 |
|
|a Kaminer Benjamin
|
| 245 |
1 |
0 |
|a Water loss during contracture of muscle
|h [elektronikus dokumentum] /
|c Kaminer Benjamin
|
| 260 |
|
|
|a Rockefeller University Press
|b New York
|c 1962-09
|
| 300 |
|
|
|a 131-142
|
| 490 |
0 |
|
|a Journal of General Physiology
|v 46 No. 1
|
| 561 |
|
|
|a Szent-Györgyi Albert munkatársainak publikációi
|
| 856 |
4 |
0 |
|u http://misc.bibl.u-szeged.hu/73528/1/szgya_amerikai_163.pdf
|z Dokumentum-elérés
|